Normal view
MARC view
Entry Topical Term
001 - CONTROL NUMBER
- control field: 930992
003 - CONTROL NUMBER IDENTIFIER
- control field:
005 - DATE AND TIME OF LATEST TRANSACTION
- control field: 20210627102243.0
008 - FIXED-LENGTH DATA ELEMENTS
- fixed length control field: 210627|| aca||aabn | a|a d
040 ## - CATALOGING SOURCE
- Original cataloging agency:
- Transcribing agency:
150 ## - HEADING--TOPICAL TERM
- Topical term or geographic name entry element: Civil Service ethics
- Geographic subdivision: United States
670 ## - SOURCE DATA FOUND
- Source citation: Work cat.: ()811273: United States. Congress. ( 95th, 1st session: 1977) House. Committee on Armed Services. Subcommittee on Investigations 930991, Hearing on H.R. 6954 :, 1977
